000 00836nam a2200277Ia 4500
003 OSt
005 20221005085711.0
006 a|||||r|||| 00| 0
007 ta
008 221004b |||||||| |||| 00| 0 eng d
020 _a1572307706
024 _a79687
037 _cTextual
040 _aCRL
_cCRL
_beng
041 _2eng
_aeng
082 _aSN1,8:4, P2
100 _aHeimberg Richard G
_9614484
245 0 _aCognitive behavioral group therapy for social phobia
_b Basic mechanisms and clinical strategies
260 _aNew York
_bGuilford Press USA
_c2002
300 _a334p.
_ccm.
490 _aTreatment manuals for practitioners
650 _aPSYCHOLOGY
700 _a Becker Robert E
_9614485
942 _hSN1,8:4, P2
_cTEXL
_2cc
999 _c994641
_d994641